[Event "32. Open Villa de Benasque 2012"]
[Site "Benasque ESP"]
[Date "2012.07.13"]
[Round "9.8"]
[White "Komljenovic, Davorin"]
[Black "Sanikidze, Tornike"]
[Result "0-1"]
[WhiteElo "2450"]
[BlackElo "2596"]
[PlyCount "70"]
[EventDate "2012.07.05"]
[EventType "swiss"]
[EventRounds "10"]
[EventCountry "ESP"]
[Source "lmi"]
[SourceDate "2012.07.05"]

1. d4 Nf6 2. c4 g6 3. Nf3 Bg7 4. g3 O-O 5. Bg2 d5 6. cxd5 Nxd5 7. O-O c5 8. e4
Nf6 9. e5 Nd5 10. dxc5 Na6 11. Nc3 Nxc3 12. bxc3 Qc7 13. c6 Qxc6 14. Ba3 Re8
15. Qd4 Nc7 16. Qh4 h6 17. Bxe7 Nd5 18. Nd4 Qc4 19. Bxd5 Qxd5 20. Bf6 Bf8 21.
f4 b5 22. Rab1 Bb7 23. Rf3 Qxa2 24. Rbf1 Bxf3 25. Rxf3 Qb1+ 26. Rf1 Qe4 27. e6
fxe6 28. Be5 Bg7 29. Bxg7 Kxg7 30. Kf2 e5 31. Re1 Qd5 32. fxe5 Rxe5 33. Rd1
Rf8+ 34. Kg1 Qf7 35. g4 Qf4 0-1

[Event "32. Open Villa de Benasque 2012"]
[Site "Benasque ESP"]
[Date "2012.07.13"]
[Round "9.9"]
[White "Espinosa Aranda, Angel"]
[Black "Shanava, Konstantine"]
[Result "1-0"]
[WhiteElo "2402"]
[BlackElo "2578"]
[PlyCount "102"]
[EventDate "2012.07.05"]
[EventType "swiss"]
[EventRounds "10"]
[EventCountry "ESP"]
[Source "lmi"]
[SourceDate "2012.07.05"]

1. e4 c5 2. Nf3 d6 3. d4 cxd4 4. Nxd4 Nf6 5. Nc3 Nc6 6. Bg5 Qa5 7. Bb5 Bd7 8.
Bxf6 gxf6 9. Nb3 Qd8 10. Qh5 a6 11. Be2 b5 12. O-O e6 13. f4 Qb6+ 14. Kh1 b4
15. Nd1 Be7 16. Nf2 Nd4 17. Bd3 Rc8 18. Nxd4 Qxd4 19. a3 bxa3 20. Rxa3 Qxb2 21.
Rxa6 Rb8 22. Ng4 Rg8 23. h3 Rg7 24. Qh6 Kf8 25. Ra7 Rd8 26. e5 dxe5 27. Nxf6
Bxf6 28. Qxf6 Qb8 29. fxe5 Be8 30. Qe7+ Kg8 31. Qc7 Qxc7 32. Rxc7 Rg5 33. Rc5
Bd7 34. Kh2 Rc8 35. Rxc8+ Bxc8 36. Re1 Bb7 37. g4 h5 38. Kg3 hxg4 39. hxg4 Kh8
40. Rb1 Bc6 41. Rb6 Bh1 42. Rb8+ Rg8 43. Rxg8+ Kxg8 44. Kf4 Bc6 45. Ke3 Kf8 46.
Kd4 Ke7 47. Kc5 Ba8 48. g5 Kd7 49. Kb6 Bf3 50. c4 Bc6 51. c5 Ke8 1-0

[Event "32. Open Villa de Benasque 2012"]
[Site "Benasque ESP"]
[Date "2012.07.13"]
[Round "9.10"]
[White "Stocek, Jiri"]
[Black "Naumkin, Igor"]
[Result "1-0"]
[WhiteElo "2573"]
[BlackElo "2463"]
[PlyCount "57"]
[EventDate "2012.07.05"]
[EventType "swiss"]
[EventRounds "10"]
[EventCountry "ESP"]
[Source "lmi"]
[SourceDate "2012.07.05"]

1. d4 Nf6 2. c4 e6 3. Nf3 b6 4. Nc3 Bb7 5. a3 d5 6. cxd5 exd5 7. Bf4 Bd6 8. Bg3
O-O 9. e3 c5 10. Be2 Bxg3 11. hxg3 Qe7 12. Qc2 Nbd7 13. Qf5 Rfe8 14. Rd1 c4 15.
g4 g6 16. Qf4 a6 17. g5 Ne4 18. Nxe4 dxe4 19. Nh2 Bd5 20. Ng4 Rac8 21. Nf6+
Nxf6 22. gxf6 Qf8 23. g4 c3 24. bxc3 Rxc3 25. Kf1 Rc2 26. Kg2 h5 27. Rxh5 Re6
28. Rdh1 Rxf6 29. Rh8+ 1-0

[Event "32. Open Villa de Benasque 2012"]
[Site "Benasque ESP"]
[Date "2012.07.14"]
[Round "10.2"]
[White "Harikrishna, P."]
[Black "Vazquez Igarza, Renier"]
[Result "1/2-1/2"]
[WhiteElo "2684"]
[BlackElo "2554"]
[PlyCount "85"]
[EventDate "2012.07.05"]
[EventType "swiss"]
[EventRounds "10"]
[EventCountry "ESP"]
[Source "lmi"]
[SourceDate "2012.07.05"]

1. d4 d5 2. c4 e6 3. Nf3 Nf6 4. g3 Bb4+ 5. Bd2 Bd6 6. Bg2 c6 7. O-O Nbd7 8. b3
O-O 9. Nc3 b6 10. e4 Be7 11. Re1 Bb7 12. e5 Ne8 13. cxd5 cxd5 14. Bf1 Nc7 15.
a4 Nb8 16. h4 Ba6 17. Nb5 Qd7 18. Qe2 Nc6 19. Qe3 Bxb5 20. axb5 Nb4 21. Rec1
Nxb5 22. Bxb4 Bxb4 23. Qd3 a6 24. Ng5 g6 25. Qe3 Be7 26. Kg2 Rfc8 27. Rxa6 Rxa6
28. Bxb5 Qb7 29. Bxa6 Qxa6 30. Nf3 h5 31. Rxc8+ Qxc8 32. Qd3 Qc6 33. Qa6 Bf8
34. Qa7 Bh6 35. Qe7 Qb5 36. Qd8+ Kg7 37. Qf6+ Kg8 38. Qd8+ Kg7 39. Nh2 Qe2 40.
Qf6+ Kg8 41. Qd8+ Kg7 42. Qf6+ Kg8 43. Qd8+ 1/2-1/2

[Event "32. Open Villa de Benasque 2012"]
[Site "Benasque ESP"]
[Date "2012.07.14"]
[Round "10.4"]
[White "Rubio Mejia, Luis Ignacio"]
[Black "Sandipan, Chanda"]
[Result "1/2-1/2"]
[WhiteElo "2428"]
[BlackElo "2618"]
[PlyCount "80"]
[EventDate "2012.07.05"]
[EventType "swiss"]
[EventRounds "10"]
[EventCountry "ESP"]
[Source "lmi"]
[SourceDate "2012.07.05"]

1. d4 d5 2. c4 c6 3. Nc3 Nf6 4. Nf3 e6 5. Bg5 h6 6. Bxf6 Qxf6 7. e3 Nd7 8. Bd3
dxc4 9. Bxc4 g6 10. O-O Bg7 11. e4 O-O 12. Re1 Rd8 13. e5 Qe7 14. Qe2 Rb8 15.
Rac1 b6 16. Bd3 Bb7 17. Be4 b5 18. h4 a6 19. Rc2 Qf8 20. Rec1 c5 21. Bxb7 Rxb7
22. dxc5 Nxc5 23. Ne1 b4 24. Ne4 Nxe4 25. Qxe4 Rb5 26. Nf3 b3 27. axb3 Rxb3 28.
Ra1 Qb4 29. Qxb4 Rxb4 30. Rxa6 Rd1+ 31. Kh2 Rd3 32. Ra5 Rd7 33. g3 Rdb7 34. Ra2
R4b5 35. Re2 Bf8 36. Kg2 Bg7 37. Ra8+ Kh7 38. Ra2 Kg8 39. Ra8+ Kh7 40. Ra2 Kg8
1/2-1/2

[Event "32. Open Villa de Benasque 2012"]
[Site "Benasque ESP"]
[Date "2012.07.14"]
[Round "10.5"]
[White "Baches Garcia, Guillermo"]
[Black "Sanikidze, Tornike"]
[Result "1-0"]
[WhiteElo "2389"]
[BlackElo "2596"]
[PlyCount "93"]
[EventDate "2012.07.05"]
[EventType "swiss"]
[EventRounds "10"]
[EventCountry "ESP"]
[Source "lmi"]
[SourceDate "2012.07.05"]

1. e4 d6 2. d4 g6 3. Nc3 Bg7 4. Be3 c6 5. f4 Qb6 6. a3 Nf6 7. Nf3 Bg4 8. Rb1
O-O 9. h3 Bxf3 10. Qxf3 Qc7 11. g4 Nbd7 12. h4 c5 13. d5 e6 14. dxe6 fxe6 15.
h5 gxh5 16. gxh5 Bh6 17. Rd1 Kh8 18. Bc4 d5 19. exd5 Ne5 20. fxe5 Qxe5 21. Rh3
Nxd5 22. Rxd5 exd5 23. Qxd5 Qg7 24. Bxh6 Qg1+ 25. Kd2 Rfd8 26. Re3 Rxd5+ 27.
Bxd5 Rd8 28. Re7 Qf2+ 29. Kc1 Qg1+ 30. Kd2 Qf2+ 31. Kc1 Qg1+ 32. Kd2 Qh2+ 33.
Kd3 Qg3+ 34. Kc4 Qh4+ 35. Re4 Qxh5 36. Bf4 Re8 37. Be6 h6 38. Nd5 b5+ 39. Kxc5
Rf8 40. Be5+ Kh7 41. Kd6 Qg6 42. Rg4 Rd8+ 43. Kc7 Re8 44. Nf6+ Qxf6 45. Bxf6
Rxe6 46. Rg7+ Kh8 47. Bc3 1-0

[Event "32. Open Villa de Benasque 2012"]
[Site "Benasque ESP"]
[Date "2012.07.14"]
[Round "10.7"]
[White "Lopez Gracia, Fernando"]
[Black "Stocek, Jiri"]
[Result "1/2-1/2"]
[WhiteElo "2369"]
[BlackElo "2573"]
[PlyCount "106"]
[EventDate "2012.07.05"]
[EventType "swiss"]
[EventRounds "10"]
[EventCountry "ESP"]
[Source "lmi"]
[SourceDate "2012.07.05"]

1. Nf3 Nf6 2. c4 e6 3. g3 a6 4. Bg2 b5 5. b3 Bb7 6. O-O c5 7. Nc3 Qb6 8. d4
cxd4 9. Qxd4 Bc5 10. Qd3 Nc6 11. a3 Ng4 12. Ne4 Nce5 13. Nxe5 Nxe5 14. Qc2 Rc8
15. Bb2 Bd4 16. Qd2 Bxb2 17. Nd6+ Ke7 18. Nxc8+ Rxc8 19. Qxb2 Bxg2 20. Kxg2
Qb7+ 21. Kg1 Qe4 22. Rac1 bxc4 23. bxc4 Rxc4 24. Rxc4 Nxc4 25. Qxg7 Qxe2 26.
Qg5+ Kd6 27. Rc1 f5 28. Qf4+ Kd5 29. Qc7 d6 30. Qxh7 Nd2 31. Qb7+ Ke5 32. Qg7+
Ke4 33. Qc3 d5 34. h4 f4 35. h5 d4 36. Qc6+ Kf5 37. h6 fxg3 38. Qg2 Nf3+ 39.
Kh1 d3 40. fxg3 Qe3 41. Qh3+ Kg6 42. Rf1 Ng5 43. Qg4 Kxh6 44. Kg2 Kg6 45. Qf4
Qe2+ 46. Rf2 Qe4+ 47. Qxe4+ Nxe4 48. Rf3 Nc5 49. Kf2 e5 50. Ke3 e4 51. Rf8 Nd7
52. Ra8 Kf5 53. Rxa6 Nf6 1/2-1/2

[Event "32. Open Villa de Benasque 2012"]
[Site "Benasque ESP"]
[Date "2012.07.14"]
[Round "10.8"]
[White "Harika, Dronavalli"]
[Black "Anton Guijarro, David"]
[Result "1/2-1/2"]
[WhiteElo "2499"]
[BlackElo "2490"]
[PlyCount "116"]
[EventDate "2012.07.05"]
[EventType "swiss"]
[EventRounds "10"]
[EventCountry "ESP"]
[Source "lmi"]
[SourceDate "2012.07.05"]

1. d4 Nf6 2. c4 e6 3. Nc3 Bb4 4. Qc2 O-O 5. e4 d5 6. e5 Ne4 7. Bd3 c5 8. Nf3
cxd4 9. Nxd4 Nd7 10. Bf4 Qh4 11. g3 Qh5 12. O-O Bxc3 13. bxc3 g5 14. cxd5 exd5
15. Bxe4 dxe4 16. e6 gxf4 17. exd7 Bxd7 18. Qxe4 fxg3 19. fxg3 b6 20. Nf5 Rae8
21. Ne7+ Kg7 22. Qd4+ f6 23. Rae1 Bh3 24. Rf4 Rd8 25. Rh4 Qf3 26. Qe4 Qxe4 27.
Rexe4 Rd1+ 28. Kf2 Bd7 29. Rd4 Rxd4 30. Rxd4 Be6 31. Nd5 Rc8 32. Nf4 Bf7 33.
Rd7 a5 34. Nh5+ Kf8 35. Nxf6 h6 36. Rd2 Rxc3 37. Nd7+ Kg7 38. Nxb6 Ra3 39. Nd5
Kg6 40. Ke1 Kg5 41. Kd1 a4 42. Kc1 Rf3 43. Nf4 a3 44. Rd3 Rxd3 45. Nxd3 Bxa2
46. Nf4 Kg4 47. Kc2 Kf3 48. Kc3 Bg8 49. Kc2 Kf2 50. Kb1 Bb3 51. Ka1 Bd1 52. Nd5
Bg4 53. Nf6 Be6 54. g4 Kf3 55. h4 Bxg4 56. Ng8 Be6 57. Nxh6 Kf4 58. Kb1 Ke5
1/2-1/2

[Event "32. Open Villa de Benasque 2012"]
[Site "Benasque ESP"]
[Date "2012.07.14"]
[Round "10.9"]
[White "Garza Marco, Sergio"]
[Black "Hracek, Zbynek"]
[Result "1/2-1/2"]
[WhiteElo "2410"]
[BlackElo "2624"]
[PlyCount "60"]
[EventDate "2012.07.05"]
[EventType "swiss"]
[EventRounds "10"]
[EventCountry "ESP"]
[Source "lmi"]
[SourceDate "2012.07.05"]

1. d4 Nf6 2. c4 g6 3. Nc3 d5 4. Nf3 Bg7 5. Qa4+ Bd7 6. Qb3 dxc4 7. Qxc4 O-O 8.
Bf4 Na6 9. e4 c5 10. e5 Nh5 11. Be3 Nb4 12. O-O-O b5 13. Qb3 Nd3+ 14. Bxd3 c4
15. Bxc4 bxc4 16. Qa3 Re8 17. h3 f5 18. d5 f4 19. Bc5 Bf5 20. Rhe1 Qc7 21. Nd4
Bxe5 22. Ncb5 Qb8 23. Bxa7 Bxd4 24. Bxb8 Rxa3 25. Bd6 Rxa2 26. Nxd4 Ra1+ 27.
Kd2 c3+ 28. bxc3 Ra2+ 29. Kc1 Ra1+ 30. Kd2 Ra2+ 1/2-1/2